|
|
|
|
| LEADER |
00000nam0a2200000 4500 |
| 001 |
675022 |
| 005 |
20260304114000.0 |
| 090 |
|
|
|a 675022
|
| 100 |
|
|
|a 20240928d1979 m||y0rusy50 ca
|
| 101 |
0 |
|
|a rus
|
| 102 |
|
|
|a RU
|
| 105 |
|
|
|a f z 000yb
|
| 181 |
|
0 |
|a i
|b e
|
| 182 |
|
0 |
|a n
|
| 183 |
|
0 |
|a nc
|2 RDAcarrier
|
| 200 |
1 |
|
|a Младший брат
|e документальная повесть о Дмитрии Ильиче Ульянове
|f Рафаил Хигерович
|
| 203 |
|
|
|a Текст
|b визуальный
|c непосредственный
|
| 205 |
|
|
|a 2-е изд., доп.
|
| 210 |
|
|
|a Москва
|c Изд-во политической литературы
|d 1979
|
| 215 |
|
|
|a 190 с., [2] л. ил.
|
| 225 |
1 |
|
|a Семья Ульяновых
|
| 283 |
|
|
|a volume
|2 RDAcarrier
|
| 600 |
|
1 |
|a Ульянов
|b Д. И.
|c российский революционный и партийный деятель
|c нарком здравоохранения Крыма
|c брат В. И. Ленина
|f 1874-1943
|g Дмитрий Ильич
|9 16168
|
| 606 |
|
|
|a Деятели общественные и государственные
|x Персоналии
|y Россия
|z 20 в. - ...
|7 ca
|8 rus
|9 84754
|
| 610 |
1 |
|
|a Россия
|
| 610 |
1 |
|
|a история
|
| 610 |
1 |
|
|a революционеры
|
| 610 |
1 |
|
|a биографии
|
| 686 |
|
|
|2 rubbk
|a Т3(2)6-8Ленин350.1
|
| 700 |
|
1 |
|a Хигерович
|b Р.
|g Рафаил
|
| 801 |
|
0 |
|a RU
|b 63413507
|c 20240928
|
| 830 |
|
|
|a Ретро2024Каталогизация
|
| 850 |
|
|
|a 63413507
|
| 942 |
|
|
|c BK
|